|
|
|
|
| LEADER |
00000nam0a2200000 4500 |
| 001 |
331687 |
| 005 |
20231102004400.0 |
| 035 |
|
|
|a (RuTPU)RU\TPU\book\357546
|
| 090 |
|
|
|a 331687
|
| 100 |
|
|
|a 20170502d1972 km y0rusy50 ca
|
| 101 |
0 |
|
|a rus
|
| 102 |
|
|
|a RU
|
| 105 |
|
|
|a a z 001zy
|
| 200 |
1 |
|
|a Динамическая характеристика промывочных растворов и осложнения в бурении
|f У. Д. Мамаджанов
|g Среднеазиатский научно-исследовательский институт газа (СредазНИИгаз)
|
| 210 |
|
|
|a Ленинград
|c Недра
|d 1972
|
| 215 |
|
|
|a 191 с.
|c ил.
|
| 320 |
|
|
|a Библиогр.: с. 179-190
|
| 606 |
1 |
|
|a Промывочные растворы, буровые
|x Динамические характеристики
|2 stltpush
|3 (RuTPU)RU\TPU\subj\52203
|9 70692
|
| 610 |
1 |
|
|a бурение
|
| 610 |
1 |
|
|a осложнения
|
| 610 |
1 |
|
|a водоотдача
|
| 610 |
1 |
|
|a цементные растворы
|
| 610 |
1 |
|
|a потоки
|
| 610 |
1 |
|
|a химические реагенты
|
| 610 |
1 |
|
|a приборы
|
| 610 |
1 |
|
|a аппаратура
|
| 610 |
1 |
|
|a измерения
|
| 610 |
1 |
|
|a предотвращение
|
| 675 |
|
|
|a 622.244.4
|v 4
|
| 700 |
|
1 |
|a Мамаджанов
|b У. Д.
|g Ульмас Джураевич
|
| 712 |
0 |
2 |
|a Среднеазиатский научно-исследовательский институт газа (СредазНИИгаз)
|2 stltpush
|3 (RuTPU)RU\TPU\col\10266
|
| 801 |
|
1 |
|a RU
|b 63413507
|c 20170502
|
| 801 |
|
2 |
|a RU
|b 63413507
|c 20170504
|g RCR
|
| 942 |
|
|
|c BK
|